00764nam a2200217Ia 450000500170000000800410001704000190005804100120007708200150008910000180010424500960012226000580021830000120027650400400028865000480032865100250037685000100040194200070041199900150041895201130043320231102112441.0131103s9999 xx 000 0 und d aLoreto College aEnglish a320.5bSTA aStalin, J. V. 4aThe Foundations of Leninism b lectures delivered at the Sverdlov University cJ.V. Stalin aPeking bForeign Languages Pressc1963(1977 printing) a128 p.  aIncludes bibliographical references aPolitics - Political Ideology - Leninism -  aPolitical Science -  aLCLIB cBK c454d50933 00102ddc4070aMAINbMAINd2013-11-04l2o320.5 STA 26784pB464r2018-10-11s2018-10-11w2013-11-04yBKf